Statistics for - Nuclear Physics -

Click here to take the quiz!

General Stats

  • This quiz has been taken 56 times
  • The average score is 7 of 21

Answer Stats

HintAnswer% Correct
Splitting atomic nucleiNuclear {Fission}
98%
Combining atomic nucleiNuclear {Fusion}
95%
Natural Degeneration of Unstable NucleiNuclear/Radioactive {Decay}
86%
Only element that cannot FissionHydrogen
50%
Building Blocks of NucleonsQuarks
50%
Most Common Isotope of UraniumU-238
48%
Most Radioactive, Naturally-Occurring Element (Discovered by Marie Curie)Radium
45%
Main Fissile RadionuclideU-235
45%
Name of Deadly Plutonium Core{Demon} Core
32%
Carbon emission of nuclear energy (%)0%
27%
Main Fissile Radionuclide #2Pu-239 / Pu-241
25%
Unit of Energy commonly used for Nuclear ReactionsMega Electron Volts
23%
Speed of slow-moving Neutron2km/s
20%
Unit of measurement for Cross SectionsBarn(s)
18%
Word describing the likelihood of Neutron Absorption / Fission / ScatteringNuclear {Cross Section}
18%
Highest Binding Energy (per Nucleon) IsotopeFe-56
16%
Most Radioactive Element (Very Heavy)Oganesson
14%
What is the WORST element?Polonium
14%
Name for Missing Mass in AtomsMass Defect
7%
Isotope that U-238 beta decays into post neutron absorptionNp-239
7%
Name of Nuclear BoyscoutDavid {Hahn}
5%

Score Distribution

Percentile by Number Answered

Percent of People with Each Score

Your Score History

You have not taken this quiz